Statistics for Detroit Pistons 2000's Starters

Click here to take the quiz!

General Stats

  • This quiz has been taken 252 times
    (204 since last reset)
  • The average score is 8 of 18

Answer Stats

PlayerStarts% Correct
Ben Wallace6
98%
Chauncey Billups6
97%
Rasheed Wallace6
97%
Richard Hamilton7
92%
Tayshaun Prince6
81%
Grant Hill1
65%
Jerry Stackhouse3
54%
Allen Iverson1
40%
Lindsey Hunter1
33%
Antonio McDyess1
32%
Rodney Stuckey1
30%
Joe Smith1
26%
Chris Webber1
25%
Chucky Atkins2
16%
Clifford Robinson2
15%
Christian Laettner1
9%
Michael Curry3
9%
Terry Mills1
9%

Score Distribution

Percentile by Number Answered

Percent of People with Each Score

Your Score History

You have not taken this quiz since the last reset